Welcome to CU Library Online Public Access Catalogue (OPAC)

2012 U.S. Master Tax Guide / (Record no. 830)

MARC details
000 -LEADER
fixed length control field 00539nam a22001577a 4500
005 - DATE AND TIME OF LATEST TRANSACTION
control field 20241107162808.0
008 - FIXED-LENGTH DATA ELEMENTS--GENERAL INFORMATION
fixed length control field 241107b |||||||| |||| 00| 0 eng d
020 ## - INTERNATIONAL STANDARD BOOK NUMBER
International Standard Book Number 9780808026839 (paperback)
050 ## - LIBRARY OF CONGRESS CALL NUMBER
Classification number KF6369
Item number .A1C63 2011
110 ## - MAIN ENTRY--CORPORATE NAME
Corporate name or jurisdiction name as entry element CCH Editorial Staff Publication
245 ## - TITLE STATEMENT
Title 2012 U.S. Master Tax Guide /
Statement of responsibility, etc. CCH Tax and Accounting Publishing - Editorial Staff
260 ## - PUBLICATION, DISTRIBUTION, ETC.
Place of publication, distribution, etc. Chicago
Name of publisher, distributor, etc. CCH Tax and Accounting Publishing
Date of publication, distribution, etc. c2011
300 ## - PHYSICAL DESCRIPTION
Extent 1008 pages
Other physical details Topical Index
Dimensions 23cm
650 ## - SUBJECT ADDED ENTRY--TOPICAL TERM
Source of heading or term Tax guide
Topical term or geographic name entry element United States
942 ## - ADDED ENTRY ELEMENTS (KOHA)
Source of classification or shelving scheme Library of Congress Classification
Koha item type Books
Suppress in OPAC No
999 ## -
-- 830
-- 830
Holdings
Withdrawn status Lost status Source of classification or shelving scheme Damaged status Not for loan Collection Home library Current library Shelving location Date acquired Total checkouts Full call number Barcode Date last seen Copy number Price effective from Koha item type
    Library of Congress Classification     Non-fiction Law Library (Miotso) Law Library (Miotso) Fiction 11/07/2024   KF69.A1C63 CCH LLM00000703 11/07/2024 1 11/07/2024 Books
© 2023-2024 Copyright: Central University Libraries. All Rights Reserved | Created by: Mahone Tech Office